• Colegio Menor de León (Alcalá de Henares, España)

di Corporate Name

Records bibliografici associati: 1

001 - CONTROL NUMBER

  • control field: 30919

003 - CONTROL NUMBER IDENTIFIER

  • control field: IT-RoINE

005 - DATE AND TIME OF LATEST TRANSACTION

  • control field: 20170208102818.0

008 - FIXED-LENGTH DATA ELEMENTS

  • fixed length control field: 170208|| aca||aabn | a|a d

040 ## - CATALOGING SOURCE

  • Original cataloging agency: IT-RoINE
  • Transcribing agency: IT-RoINE

110 ## - HEADING--CORPORATE NAME

  • Corporate name or jurisdiction name as entry element: Colegio Menor de León (Alcalá de Henares, España)
  • General subdivision: Historia

670 ## - SOURCE DATA FOUND

  • Source citation: Work cat.: (IT-RoINE)15243: Alonso Marañón, Pedro Manuel 30916, El Concilio de Trento y los colegios de las "naciones" de la Universidad de Alcalá de Henares : , 2004.